Biodiversity 2020 (Record no. 112656)

MARC details
000 -LEADER
fixed length control field 01162cad a22001935a 4500
001 - CONTROL NUMBER
control field L153702
008 - FIXED-LENGTH DATA ELEMENTS--GENERAL INFORMATION
fixed length control field 110819s2011 xxk f 000 0 eng d
035 ## - SYSTEM CONTROL NUMBER
System control number (Sirsi) u153702
041 0# - LANGUAGE CODE
Language code of text/sound track or separate title eng
110 2# - MAIN ENTRY--CORPORATE NAME
Corporate name or jurisdiction name as entry element United Kingdom
Subordinate unit Department for Environment, Food and Rural Affairs
245 00 - TITLE STATEMENT
Title Biodiversity 2020
Remainder of title a strategy for England's wildlife and ecosystem services
Medium [electronic resource]
260 ## - PUBLICATION, DISTRIBUTION, ETC.
Place of publication, distribution, etc. London
Name of publisher, distributor, etc. DEFRA
Date of publication, distribution, etc. 2011
520 ## - SUMMARY, ETC.
Summary, etc. Strategy for England's wildlife and ecosystem services aims to halt the loss of habitats and species by folllowing up on the agreement reached at the Convention on Biological Diversity Conference in October 2010 and the plans published in the Natural Environment White Paper published in June 2011. The biodiversity strategy's goals include the creation of better habitats, bigger and better wildlife sites and adaption to climate change.
590 ## - LOCAL NOTE (RLIN)
Local note KA NTK
651 #4 - SUBJECT ADDED ENTRY--GEOGRAPHIC NAME
Geographic name England
Chronological subdivision 886-
690 ## - LOCAL SUBJECT ADDED ENTRY--TOPICAL TERM (OCLC, RLIN)
Topical term or geographic name as entry element ENVIRONMENT AND LAND CONSULTANCY-SUSTAINABILITY
856 40 - ELECTRONIC LOCATION AND ACCESS
Uniform Resource Identifier <a href="https://www.defra.gov.uk/publications/files/pb13583-biodiversity-strategy-2020-110817.pdf">https://www.defra.gov.uk/publications/files/pb13583-biodiversity-strategy-2020-110817.pdf</a>
Public note View the item free of charge at www.defra.gov.uk
942 ## - ADDED ENTRY ELEMENTS (KOHA)
Suppress in OPAC 0
Holdings
Withdrawn status Lost status Source of classification or shelving scheme Damaged status Not for loan Home library Current library Shelving location Date acquired Total Checkouts Full call number Barcode Date last seen Copy number Price effective from Koha item type
    Dewey Decimal Classification     Virtual Virtual Online 19/08/2011   ONLINE PUBLICATION 153702-2001 06/08/2019 1 06/08/2019 Book